Media Mimansa (Record no. 5486)

MARC details
000 -LEADER
fixed length control field 00356nam a22001337a 4500
005 - DATE AND TIME OF LATEST TRANSACTION
control field 20170628105716.0
008 - FIXED-LENGTH DATA ELEMENTS--GENERAL INFORMATION
fixed length control field 170628b xxu||||| |||| 00| 0 eng d
022 ## - INTERNATIONAL STANDARD SERIAL NUMBER
ISSN 2229-5593
245 ## - TITLE STATEMENT
Title Media Mimansa
250 ## - EDITION STATEMENT
Edition statement Issue No 1
260 ## - PUBLICATION, DISTRIBUTION, ETC. (IMPRINT)
Place of publication Bhopal
Name of publisher Makhanlal Chaturvedi National University of Journalism Communication
Year of publication 2017
300 ## - PHYSICAL DESCRIPTION
Number of Pages 48
942 ## - ADDED ENTRY ELEMENTS (KOHA)
Koha item type Journals/Serial
Holdings
Lost status Damaged status Home library Current library Date acquired Source of acquisition Cost, normal purchase price Accession Number Koha item type Shelving location
    JRU Library   28/06/2017 Purchase 400.00 MM0001 Journals/Serial  
    JRU Library   29/08/2017     MM0002 Journals/Serial  
    JRU Library   27/02/2018 Purchase   MM0003 Journals/Serial Periodicals Section